Country Flags that are only Red and White - Statistics

General Stats
  • This quiz has been taken 23 times
  • The average score is 15 of 18
Answer Stats
Picture Answer % Correct
Canada
100%
Japan
95%
Denmark
91%
Poland
91%
Switzerland
91%
Austria
86%
Georgia
86%
Indonesia
86%
Latvia
86%
Monaco
86%
Qatar
86%
Turkey
86%
Malta
82%
Tunisia
82%
Bahrain
77%
Singapore
77%
Peru
73%
Tonga
64%
No matching quizzes found
Score Distribution
Percent of People with Each Score
Percentile by Number Answered
Your Score History
You have not taken this quiz